000 00541nam a2200205Ia 4500
001 13886
003 GE_BSU
008 181216s||||||||xx |||||||||||||| ||und||
020 _a1841193739
040 _cGE_BSU
080 _a821.111-311.6
245 4 _aThe mammoth book of historical whodunnits brand new collection.
245 _cEdited by Mike Ashley.
260 _aLondon.
260 _bRobinson.
260 _c2001
300 _a500p;20cm.
653 _aThe mammoth book of historical whodunnits brand new collection.
942 _cBK
999 _c47030
_d47030